|
|
|
|
| LEADER |
03326nam a2200409Ka 4500 |
| 001 |
bslw06375270 |
| 003 |
UtOrBLW |
| 005 |
20101115152719.0 |
| 006 |
m d |
| 007 |
cr un||||||||| |
| 008 |
101115s2004 enk o 000 0 eng d |
| 020 |
|
|
|a 9781849502771 (electronic bk.) :
|c £67.95 ; €99.95 ; $120.95
|
| 040 |
|
|
|a UtOrBLW
|c UtOrBLW
|d GrThAP
|
| 050 |
|
4 |
|a HD5650
|b .E47 2004
|
| 072 |
|
7 |
|a KJV
|2 bicssc
|
| 072 |
|
7 |
|a BUS
|2 bicssc
|
| 072 |
|
7 |
|a POL013000
|2 bisacsh
|
| 072 |
|
7 |
|a SCI000000
|2 bisacsh
|
| 080 |
|
|
|a 004.451.4
|
| 082 |
0 |
4 |
|a 658.3152
|2 22
|
| 245 |
0 |
0 |
|a Employee participation, firm performance and survival
|h [electronic resource] /
|c edited by Virginie Perotin and Andrew Robinson.
|
| 260 |
|
|
|a Bingley, U.K. :
|b Emerald,
|c 2004.
|
| 300 |
|
|
|a 1 online resource (xiv, 237 p.).
|
| 490 |
1 |
|
|a Advances in the economic analysis of participatory & labor-managed firms,
|x 0885-3339 ;
|v v. 8
|
| 505 |
0 |
|
|a Motivating employee-owners in ESOP firms : human resource policies and company performance / Douglas Kruse, Richard Freeman, Joseph Blasi, Robert Buchele, Adria Scharf, Loren Rodgers, Chris Mackin -- The effects of profit sharing and employee share ownership on quits : evidence from a panel of French firms / Fathi Fakhfakh -- Profit-sharing, technical efficiency change and finance constraints / Ornella Wanda Maietta, Vania Sena -- Ownership and participation : a review of empirical evidence for transition economies / Derek C. Jones -- Privatization in Serbia : the difficult conversion of self-management into property rights / Milica Uvalic -- Does employee ownership enhance firm survival? / Rhokeun Park, Douglas Kruse, James Sesil -- Exclusion from employee ownership : evidence from Estonian case studies / Panu Kalmi -- Early cooperative survival : the liability of adolescence / Virginie Pérotin -- Lessons from the history of democratic economic institutions : the case of the southern U.S. / Mark Klinedinst -- Introduction / Virginie Pérotin, Andrew Robinson.
|
| 520 |
|
|
|a This latest volume of Advances contains a series of original and innovative empirical and survey papers that investigate theoretical and contemporary issues facing participatory organizations. The first four papers explore the growing area of participatory and labor-managed firms' survival. The second group of three papers offers a number of new approaches and insights into the performance effects of participatory firms, and the final group of papers provides a broad-ranging synthesis and assessment of the experience of employee ownership and participation in transition economies. Collectively, these nine papers truly constitute Advances in the Economic Analysis of Participatory and Labor-Managed Firms.
|
| 650 |
|
7 |
|a Political Science
|x Labor & Industrial Relations.
|2 bisacsh
|
| 650 |
|
7 |
|a Science
|x General.
|2 bisacsh
|
| 650 |
|
7 |
|a Ownership & organization of enterprises.
|2 bicssc
|
| 650 |
|
0 |
|a Management
|x Employee participation.
|
| 650 |
|
0 |
|a Industrial management
|x Employee participation.
|
| 700 |
1 |
|
|a Pérotin, Virginie.
|
| 700 |
1 |
|
|a Robinson, Andrew.
|
| 776 |
1 |
|
|z 9780762311149
|
| 830 |
|
0 |
|a Advances in the economic analysis of participatory & labor-managed firms ;
|v v. 8.
|
| 856 |
4 |
0 |
|u http://www.emeraldinsight.com/0885-3339/8
|z Full Text via HEAL-Link
|
| 913 |
|
|
|1 BMEbacklist
|